00472nam a2200169 i 450000100060000000300090000600500170001500700030003200800410003510000230007624500480009926000410014730000210018849000360020983000360024585200210028130722ES-MaACL20230906154237.0t|030127s1922 xxk ||||1| eng d1 aBell, Aubrey F. G.10aBenito Arias Montano / cAubrey F. G. Bell. aOxford : bUniversity Press, c1922. a96 p. ; c17 cm.1 aThe hispanic society of America0 aThe hispanic society of America aES-MaACLjF-3519